Statistics for Michael Jordan's Best NBA Teammates

Click here to take the quiz!

General Stats

  • This quiz has been taken 1,035 times
    (787 since last reset)
  • The average score is 6 of 10

Answer Stats

RankPlayer% Correct
1Scottie Pippen
100%
2Dennis Rodman
97%
8Steve Kerr
81%
3Horace Grant
62%
5Toni Kukoc
59%
4Ron Harper
44%
7BJ Armstrong
43%
10Bill Cartwright
41%
6John Paxson
39%
9Charles Oakley
25%

Score Distribution

Percentile by Number Answered

Percent of People with Each Score

Your Score History

You have not taken this quiz since the last reset